Geology and artesian water of the alluvial plain in northwestern Mississippi. (Record no. 28243)

MARC details
000 -LEADER
fixed length control field 00956cam a22002771 4500
001 - CONTROL NUMBER
control field gs 48000031
003 - CONTROL NUMBER IDENTIFIER
control field DLC
005 - DATE AND TIME OF LATEST TRANSACTION
control field 20260227111353.0
008 - FIXED-LENGTH DATA ELEMENTS--GENERAL INFORMATION
fixed length control field 760622s1947 msuab b 000 0 eng
010 ## - LIBRARY OF CONGRESS CONTROL NUMBER
LC control number gs 48000031
035 ## - SYSTEM CONTROL NUMBER
System control number (OCoLC)2274116
040 ## - CATALOGING SOURCE
Original cataloging agency DLC
Transcribing agency OT
Modifying agency OCoLC
-- DLC
042 ## - AUTHENTICATION CODE
Authentication code premarc
050 00 - LIBRARY OF CONGRESS CALL NUMBER
Classification number QE129
Item number .A2 no. 65
082 ## - DEWEY DECIMAL CLASSIFICATION NUMBER
Classification number 551.49
100 1# - MAIN ENTRY--PERSONAL NAME
Personal name Brown, Glen F.
Fuller form of name (Glen Francis),
Dates associated with a name 1911-
245 10 - TITLE STATEMENT
Title Geology and artesian water of the alluvial plain in northwestern Mississippi.
Statement of responsibility, etc. In cooperation with the United States Geological Survey.
260 ## - PUBLICATION, DISTRIBUTION, ETC.
Place of publication, distribution, etc. University, Miss.,
Date of publication, distribution, etc. 1947.
300 ## - PHYSICAL DESCRIPTION
Extent 424 p.
Other physical details illus., maps (part fold.)
Dimensions 23 cm.
410 20 - SERIES STATEMENT/ADDED ENTRY--CORPORATE NAME [OBSOLETE, CAN/MARC], [LOCAL, USA]
Corporate name or jurisdiction name as entry element Mississippi Geological, Economic, and Topographical Survey
Title of a work Bulletin
Volume number/sequential designation 65
504 ## - BIBLIOGRAPHY, ETC. NOTE
Bibliography, etc. note "References": p. 58-59.
650 #0 - SUBJECT ADDED ENTRY--TOPICAL TERM
Topical term or geographic name entry element Geology
Geographic subdivision Mississippi.
650 #0 - SUBJECT ADDED ENTRY--TOPICAL TERM
Topical term or geographic name entry element Groundwater
Geographic subdivision Mississippi.
650 #0 - SUBJECT ADDED ENTRY--TOPICAL TERM
Topical term or geographic name entry element Water-supply
Geographic subdivision Mississippi.
710 2# - ADDED ENTRY--CORPORATE NAME
Corporate name or jurisdiction name as entry element Geological Survey (U.S.)

No items available.

Powered by Koha